000 01027nam a2200301 4500
003 OSt
005 20260530113849.0
008 260507b2006 sw a|||| |||| 00| 0 eng d
040 _aICI
_bspa
_cICI
041 _aeng
050 _aNK1461
_bP3413 2006
100 1 _aPagold, Susanne,
_eautor
_931024
245 1 0 _aFunction rules :
_ba Swedish approach to design glamour /
_cSusanne Pagold
260 _bArvinius Förlag,
264 1 _aStockholm, Sweden :
_bArvinius Förlag,
_c2006
300 _a190 páginas :
_bilustraciones
336 _atexto
_2rdacontent
337 _asin medio
_2rdamedia
338 _avolumen
_2rdacarrier
650 0 _aDesign
_xHistory
_y20th century.
_zSweden
_931025
650 4 _aDiseño
_xHistoria
_ySiglo XX
_zSuecia
_93376
650 0 _aDesign
_xHistoria
_y21st century.
_zSweden
_931026
650 4 _aDesign
_xHistoria
_ySiglo XXI
_zSuecia
_931027
650 0 _aDesign
_xHuman factors.
_931028
650 4 _aDiseño
_xFactores humanos
_931029
650 4 _aIngeniería humana
_931030
942 _2lcc
_cBK
_n1
999 _c11381
_d11381